[Event "Colorado Cowboy Showdown"]
[Site "SchemingMind.com"]
[Date "2010.05.27"]
[Round "-"]
[White "lemmie"]
[Black "Clive Everill"]
[Result "1-0"]
[WhiteCountry "NED"]
[BlackCountry "CZE"]
[WhiteElo "1728"]
[WhiteRD "58"]
[BlackElo "1700"]
[BlackRD "53"]
[GameID "249932"]

1. e4 Nc6 2. Nf3 f5 3. exf5 d5 4. Bb5 Qd6 5. d4 Bxf5 6. Ne5 Nf6 7. O-O g6 8. Bf4 Nh5 9. Bg5 a6 10. Bxc6+ bxc6
11. g4 h6 12. Be3 Ng7 13. gxf5 Nxf5 14. Nc3 Nxe3 15. fxe3 Bg7 16. Nd3 Bf6 17. Nf4 Bg5 18. Qf3 O-O 19. Qg4 Rf6 20. Ng2 Raf8
21. h4 Rxf1+ 22. Rxf1 Rxf1+ 23. Kxf1 Bf6 24. Qxg6+ Kf8 25. Qxh6+ Ke8 26. h5 c5 27. Qf4 Qc6 28. Ne2 cxd4 29. Nxd4 Bxd4 30. Qxd4 Qxc2
31. Ne1 Qf5+ 32. Qf4 Qxh5 33. Qxc7 Qh3+ 34. Ke2 Qg4+ 35. Kd2 Qb4+ 36. Qc3 Qd6 37. Nf3 e6 38. Nd4 Qh2+ 39. Ne2 Qd6 40. a4 e5
41. a5 Ke7 42. Qb3 d4 43. Qb7+ Kd8 44. exd4 Qh6+ 45. Kd3 Qg6+ 46. Qe4 Qe6 47. Qa8+ Ke7 48. Qb7+ Ke8 49. dxe5 Qh3+ 50. Kc4 Qe6+
51. Qd5 Qg4+ 52. Nd4 Qc8+ 53. Qc6+
1-0

[Event "Colorado Cowboy Showdown"]
[Site "SchemingMind.com"]
[Date "2010.05.27"]
[Round "-"]
[White "Clive Everill"]
[Black "lemmie"]
[Result "0-1"]
[WhiteCountry "CZE"]
[BlackCountry "NED"]
[WhiteElo "1694"]
[WhiteRD "50"]
[BlackElo "1688"]
[BlackRD "55"]
[GameID "249933"]

1. e4 Nc6 2. Nf3 f5 3. Nc3 fxe4 4. Nxe4 d5 5. Nc3 d4 6. Ne4 Nf6 7. Ng3 Qd5 8. b3 Ne5 9. Be2 d3 10. c4 Nxf3+
11. Bxf3 Qe5+ 12. Kf1 Qxa1 13. Ne4 Nxe4 14. Bxe4 Qd4 15. Qf3 Qa1 16. Qd1 Qxa2 17. Qh5+ g6 18. Bxg6+ hxg6 19. Qxh8 Qc2 20. g3 Qxc1+
21. Kg2 Qxd2 22. h4 Qe2 23. Qg8 Qe4+ 24. Kh2 Be6 25. Qh8 O-O-O 26. Ra1 d2 27. Rd1 Qe2
0-1

[Event "Colorado Cowboy Showdown"]
[Site "SchemingMind.com"]
[Date "2010.05.28"]
[Round "-"]
[White "XTC"]
[Black "lemmie"]
[Result "0-1"]
[WhiteCountry "COL"]
[BlackCountry "NED"]
[WhiteElo "1858"]
[WhiteRD "62"]
[BlackElo "1688"]
[BlackRD "55"]
[GameID "250283"]

1. e4 Nc6 2. Nf3 f5 3. exf5 d5 4. Nh4 Nh6 5. Qh5+ Nf7 6. g3 e5 7. fxe6 Bxe6 8. Bb5 Qd7 9. Nc3 g5 10. Nf3 Bg4
11. Bxc6 bxc6 12. Ne5 Bxh5 13. Nxd7 Kxd7 14. O-O Re8 15. d3 Bf3 16. Be3 c5
0-1

[Event "Colorado Cowboy Showdown"]
[Site "SchemingMind.com"]
[Date "2010.06.03"]
[Round "-"]
[White "Clive Everill"]
[Black "XTC"]
[Result "1/2-1/2"]
[WhiteCountry "CZE"]
[BlackCountry "COL"]
[WhiteElo "1700"]
[WhiteRD "53"]
[BlackElo "1863"]
[BlackRD "62"]
[GameID "250284"]

1. e4 Nc6 2. Nf3 f5 3. exf5 d5 4. Bb5 Bxf5 5. Ne5 Qd6 6. d4 Qb4+ 7. Nc3 Bd7 8. Nxc6 bxc6 9. Be2 Nf6 10. a3 Qb6
11. O-O c5 12. dxc5 Qxc5 13. Be3 Qd6 14. Bf3 e6 15. b4 c6 16. Bc5 Qf4 17. Na4 Bxc5 18. Nxc5 O-O 19. Re1 Rae8 20. Rb1 Bc8
21. Rb3 e5 22. g3 Qg5 23. h4 Qg6 24. Nd3 e4 25. Nf4 Qf5 26. Bg2 Qe5 27. Nd3 Qd6 28. Nc5 Bg4 29. Qd4 Qc7 30. c4 Qf7
31. cxd5 cxd5 32. Rbe3 Nh5 33. Qd2 Rc8 34. Nb3 Nf6 35. Nd4 a6 36. f3 Bxf3 37. Nxf3 exf3 38. Bxf3 Kh8 39. Re7 Qg6 40. Qg2 Rc3
41. R7e3 Rxe3 42. Rxe3 Qb1+ 43. Kh2 d4 44. Re6 Qd3 45. Be2 Qxa3 46. Rxa6 Qxb4 47. Ra8 Rxa8 48. Qxa8+ Ng8 49. Bf3 Qd2+ 50. Kh3 Qf2
51. Bd5 Qf1+=
1/2-1/2

[Event "Colorado Cowboy Showdown"]
[Site "SchemingMind.com"]
[Date "2010.06.01"]
[Round "-"]
[White "Lars"]
[Black "XTC"]
[Result "0-1"]
[WhiteCountry "SWE"]
[BlackCountry "COL"]
[WhiteElo "1577"]
[WhiteRD "68"]
[BlackElo "1863"]
[BlackRD "62"]
[GameID "250612"]

1. e4 Nc6 2. Nf3 f5 3. exf5 d5 4. d4 Bxf5 5. Bd3 Bg4 6. Nc3 Nxd4 7. Be2 Nxe2 8. Qxe2 Nf6 9. Qb5+ c6 10. Qxb7 Qc8
11. Qxc8+ Rxc8 12. Ne5 Bf5 13. O-O Bxc2 14. Be3 a6 15. Rac1 Bf5 16. Rfe1 e6 17. Na4 Bb4 18. Red1 O-O 19. Nxc6 Bd6 20. g3 Bg4
21. Re1 Nd7 22. Bf4 Bxf4 23. gxf4 Rxf4 24. Ne7+ Kf8 25. Nxc8 Rxa4 26. a3 Bh3 27. Re3 Rg4+ 28. Rg3 Ne5 29. Kh1 Rxg3 30. hxg3 Nd3
31. Rc2 e5 32. Nd6 Ke7 33. Nb7 d4 34. Rc7+ Kf8 35. Rc2 Bg2+ 36. Kg1 Bxb7 37. b4 Ne1 38. Rc7 Nf3+ 39. Kf1 Be4 40. Ke2 d3+
41. Kd1 Bd5 42. Rc3 e4 43. a4 Ke7 44. b5 a5 45. b6 Kd6 46. Kc1 Bc6 47. Rc4 Kd5 48. Rc3 d2+ 49. Kd1 Bxa4+ 50. Rc2 Kd4
51. b7 Kd3 52. b8=Q Bxc2#
0-1

[Event "Colorado Cowboy Showdown"]
[Site "SchemingMind.com"]
[Date "2010.06.04"]
[Round "-"]
[White "Lars"]
[Black "Clive Everill"]
[Result "0-1"]
[WhiteCountry "SWE"]
[BlackCountry "CZE"]
[WhiteElo "1462"]
[WhiteRD "90"]
[BlackElo "1694"]
[BlackRD "50"]
[GameID "250613"]

1. e4 Nc6 2. Nf3 f5 3. exf5 d5 4. Bd3 Nb4 5. Qe2 Nxd3+ 6. Qxd3 Nf6 7. Nc3 c6 8. O-O Qd7 9. Nh4 Qd6 10. b3 e6
11. fxe6 Bxe6 12. Re1 O-O-O 13. Bb2 Ng4 14. Qg3 Qxg3 15. fxg3 Bd7 16. Na4 Rg8 17. Nc5 Bxc5+ 18. Kf1 Rdf8+ 19. Nf3 Nxh2+ 20. Ke2 Bg4
21. Kd1 Nxf3 22. gxf3 Bxf3+ 23. Kc1 Bf2 24. Re7 Re8 25. Rxe8+ Rxe8 26. c3 Re1+ 27. Kc2 Rxa1 28. Bxa1 Bxg3 29. Kd3 h5 30. Kd4 h4
31. d3 h3 32. c4 h2 33. cxd5 Bxd5 34. Kc5 h1=Q 35. Bxg7 Bf2+ 36. d4 b6+ 37. Kb4 Qe1+ 38. Ka4 b5+ 39. Ka3 Qc1+ 40. Kb4 Be1#
0-1

[Event "Colorado Cowboy Showdown"]
[Site "SchemingMind.com"]
[Date "2010.06.01"]
[Round "-"]
[White "Lars"]
[Black "lemmie"]
[Result "0-1"]
[WhiteCountry "SWE"]
[BlackCountry "NED"]
[WhiteElo "1462"]
[WhiteRD "90"]
[BlackElo "1688"]
[BlackRD "55"]
[GameID "250614"]

1. e4 Nc6 2. Nf3 f5 3. exf5 d5 4. g4 e6 5. fxe6 Bxe6 6. h3 Qe7 7. Qe2 d4 8. Bg2 d3 9. cxd3 Nb4 10. Nd4 Bxa2
11. Qxe7+ Nxe7 12. Bxb7 Rd8 13. Nc6 Nc2+ 14. Kd1 Nxa1 15. Nxe7 Bxe7 16. Nc3 Bb3+ 17. Ke2 Nc2 18. Bc6+ Kf7 19. Ba4 Nd4+ 20. Ke3 Bg5+
21. f4 Rhe8+ 22. Kf2 Bh4+ 23. Kg2 Bxa4 24. Nxa4 Re2+ 25. Kf1 Rde8 26. Nc3 Rf2+ 27. Kg1 Re1#
0-1

[Event "Colorado Cowboy Showdown"]
[Site "SchemingMind.com"]
[Date "2010.06.01"]
[Round "-"]
[White "XTC"]
[Black "Lars"]
[Result "1-0"]
[WhiteCountry "COL"]
[BlackCountry "SWE"]
[WhiteElo "1863"]
[WhiteRD "62"]
[BlackElo "1577"]
[BlackRD "68"]
[GameID "250615"]

1. e4 Nc6 2. Nf3 f5 3. exf5 Nf6 4. Bc4 d5 5. Bb5 Bxf5 6. Ne5 Qd6 7. d4 a6 8. Bxc6+ bxc6 9. O-O c5 10. c3 cxd4
11. cxd4 e6 12. Nc3 Be7 13. Qa4+ c6 14. Nxc6 Nd7 15. Nxe7 Qxe7 16. Nb5 O-O 17. Nc7 Ra7 18. Bf4 e5 19. Nxd5 Qd6 20. Qc6 Qe6
21. dxe5 Nxe5 22. Qxe6+ Bxe6 23. Bxe5 Bxd5 24. Rfd1 Be6 25. b3 Raf7 26. f3 Rf5 27. f4 g5 28. g4 R5f7 29. f5 Bc8 30. Bd6 Re8
31. Re1 Rd8 32. Be7 Rd2 33. Bxg5 Bb7 34. Bxd2 Rg7 35. g5 Bc6 36. Re6 Bd7 37. Rxa6 Bxf5 38. Ra8+ Kf7 39. Rf1 Kg6 40. Ra6+ Kh5
41. Rxf5 h6 42. Rxh6+ Kg4 43. Rf4+ Kxg5 44. Rf7+ Kg4 45. Rxg7+ Kf3 46. Kf1 Ke4 47. Ke2 Ke5 48. Rg5+ Ke4 49. Rh4#
1-0

[Event "Colorado Cowboy Showdown"]
[Site "SchemingMind.com"]
[Date "2010.06.04"]
[Round "-"]
[White "Clive Everill"]
[Black "Lars"]
[Result "1-0"]
[WhiteCountry "CZE"]
[BlackCountry "SWE"]
[WhiteElo "1694"]
[WhiteRD "50"]
[BlackElo "1462"]
[BlackRD "90"]
[GameID "250616"]

1. e4 Nc6 2. Nf3 f5 3. Nc3 fxe4 4. Nxe4 e5 5. d4 d5 6. Ng3 Bg4 7. Be2 Bxf3 8. Bxf3 Nxd4 9. Bg4 Nf6 10. Bg5 Be7
11. Bh3 O-O 12. c3 Nc6 13. Be6+ Kh8 14. Bxf6 Rxf6 15. Bxd5 Qf8 16. Bf3 Rd8 17. Qb3 b6 18. O-O Bc5 19. Ne4 Rf7 20. Nxc5 bxc5
21. Bxc6 Rf6 22. Be4 Rd2 23. f3 Rb6 24. Qa4 Rbxb2 25. f4 exf4 26. Rxf4 Qe7 27. Raf1 g6 28. Rf8+ Kg7 29. R8f7+ Qxf7 30. Rxf7+ Kxf7
31. h3 Rxa2 32. Qc4+ Kf6 33. Qxc5 a5 34. Qxc7 a4 35. Qf4+ Kg7 36. c4 a3 37. c5 Rab2 38. Qc7+ Kh6 39. Qe7 a2 40. Qf8+ Kg5
41. h4+ Kxh4 42. Qf4+ Kh5 43. Bf3#
1-0

[Event "Colorado Cowboy Showdown"]
[Site "SchemingMind.com"]
[Date "2010.06.01"]
[Round "-"]
[White "lemmie"]
[Black "Lars"]
[Result "1-0"]
[WhiteCountry "NED"]
[BlackCountry "SWE"]
[WhiteElo "1728"]
[WhiteRD "58"]
[BlackElo "1577"]
[BlackRD "68"]
[GameID "250617"]

1. e4 Nc6 2. Nf3 f5 3. exf5 d5 4. Bb5 Bxf5 5. Ne5 Bd7 6. Bxc6 Bxc6 7. d4 Qd6 8. O-O g6 9. Re1 Nf6 10. Bf4 Qb4
11. b3 Nd7 12. Nxc6 bxc6 13. Bxc7 Bg7 14. Qe2 Bf6 15. c3 Qb7 16. Bd6 Nf8 17. Nd2 Kf7 18. Be5 Nd7 19. Bd6 exd6 20. Qe6+ Kg7
21. Qxd6 Rhe8 22. Nf3 Rad8 23. Rxe8 Rxe8 24. Re1 Rxe1+ 25. Nxe1 Nf8 26. Nf3 Qa6 27. h4 Qxa2 28. Qc7+ Kg8 29. Qxc6 Bg7 30. Qxd5+ Kh8
31. Ng5 h5 32. Nf7+ Kh7 33. Ng5+ Kh6 34. Qg8 Qa1+ 35. Kh2 Qa6 36. Nf7#
1-0

[Event "Colorado Cowboy Showdown"]
[Site "SchemingMind.com"]
[Date "2010.06.04"]
[Round "-"]
[White "memet"]
[Black "XTC"]
[Result "0-1"]
[WhiteCountry "TUR"]
[BlackCountry "COL"]
[WhiteElo "1617"]
[WhiteRD "62"]
[BlackElo "1863"]
[BlackRD "62"]
[GameID "250651"]

1. e4 Nc6 2. Nf3 f5 3. Nh4 fxe4 4. Bc4 d5 5. Be2 e5 6. Bh5+ Kd7 7. Qg4+ Kd6 8. Nf5+ Bxf5 9. Qxf5 Nd4 10. Qh3 Nxc2+
11. Kd1 Nxa1 12. b3 Nf6 13. Bb2 Nxh5 14. Qxh5 Qe8 15. Qe2 Qg6 16. Qb5 Qxg2 17. Re1 Rb8 18. Nc3 c6 19. Nxe4+ Qxe4 20. Bxe5+ Qxe5
21. Qb4+ c5 22. Qa4 Qf5 23. Qxa7 Qb1+ 24. Ke2 Re8+ 25. Kf3 Rxe1 26. Qb6+ Ke5 27. Qc7+ Kd4 28. Qf4+ Re4
0-1

[Event "Colorado Cowboy Showdown"]
[Site "SchemingMind.com"]
[Date "2010.06.04"]
[Round "-"]
[White "memet"]
[Black "Clive Everill"]
[Result "1-0"]
[WhiteCountry "TUR"]
[BlackCountry "CZE"]
[WhiteElo "1599"]
[WhiteRD "66"]
[BlackElo "1657"]
[BlackRD "51"]
[GameID "250652"]

1. e4 Nc6 2. Nf3 f5 3. d3 e5 4. Bg5 Be7 5. Bxe7 Ngxe7 6. Nc3 d6 7. Be2 O-O 8. O-O f4 9. Re1 Qe8 10. h3 Qg6
11. Kh2 Be6 12. Nh4 Qh6 13. Nf3 Ng6 14. Nd5 Rac8 15. b4 Nce7 16. c4 Nxd5 17. cxd5 Bd7 18. d4 Kh8 19. a4 Ne7 20. b5 g5
21. dxe5 g4 22. Ng1 dxe5 23. Bxg4 Bxg4 24. Qxg4 Rg8 25. Qd7 Ng6 26. Rac1 Nh4 27. Rxc7 Rxc7 28. Qxc7 Rxg2+ 29. Kh1 Qg7 30. Qd8+ Qg8
31. Qxh4 Rg6 32. Qe7 Qb8 33. Nf3 Rh6 34. Qxe5+ Qxe5 35. Nxe5 Rxh3+ 36. Kg2 Ra3 37. d6 Rxa4 38. Rd1 Rxe4 39. d7 Rxe5 40. d8=Q+ Kg7
41. Qc7+ Kf6 42. Rd6+ Kf5 43. f3 Re2+ 44. Kf1
1-0

[Event "Colorado Cowboy Showdown"]
[Site "SchemingMind.com"]
[Date "2010.06.01"]
[Round "-"]
[White "memet"]
[Black "lemmie"]
[Result "0-1"]
[WhiteCountry "TUR"]
[BlackCountry "NED"]
[WhiteElo "1641"]
[WhiteRD "65"]
[BlackElo "1688"]
[BlackRD "55"]
[GameID "250653"]

1. e4 Nc6 2. Nf3 f5 3. Bc4 fxe4 4. Ng5 d5 5. Bb5 Nf6 6. b3 Qd6 7. c4 Qe5 8. d4 exd3+ 9. Kd2 Qxg5+ 10. Kxd3 Qe5
11. Bxc6+ bxc6 12. Nc3 Bf5+ 13. Kd2 dxc4 14. Bb2 O-O-O+ 15. Kc1 Qf4+
0-1

[Event "Colorado Cowboy Showdown"]
[Site "SchemingMind.com"]
[Date "2010.06.01"]
[Round "-"]
[White "memet"]
[Black "Lars"]
[Result "0-1"]
[WhiteCountry "TUR"]
[BlackCountry "SWE"]
[WhiteElo "1617"]
[WhiteRD "62"]
[BlackElo "1577"]
[BlackRD "68"]
[GameID "250654"]

1. e4 Nc6 2. Nf3 f5 3. Nh4 fxe4 4. Qh5+ g6 5. Nxg6 Nf6 6. Qg5 Rg8 7. Bc4 Rxg6 8. Qe3 Rxg2 9. Nc3 e6 10. Nxe4 Nxe4
11. Qxe4 Rg6 12. d4 d5 13. Bxd5 Qxd5 14. Qxd5 exd5 15. Bf4 Nxd4 16. O-O-O Ne6 17. Rhe1 Kd8 18. Rxd5+ Bd7 19. Bg3 Bg7 20. Red1 Nf8
21. Bh4+ Bf6 22. Bg3 Be7 23. R1d3 c6 24. R5d4 Ke8 25. h4 Rd8 26. b4 Ne6 27. f4 Nxd4 28. Bf2 Ne2+ 29. Kd2 Nxf4 30. Rf3 Bg4+
0-1

[Event "Colorado Cowboy Showdown"]
[Site "SchemingMind.com"]
[Date "2010.06.04"]
[Round "-"]
[White "XTC"]
[Black "memet"]
[Result "1-0"]
[WhiteCountry "COL"]
[BlackCountry "TUR"]
[WhiteElo "1863"]
[WhiteRD "62"]
[BlackElo "1617"]
[BlackRD "62"]
[GameID "250655"]

1. e4 Nc6 2. Nf3 f5 3. exf5 d5 4. Nh4 e5 5. Qh5+ Kd7 6. Bb5 Nf6 7. Qf7+ Kd6 8. Bxc6 Kxc6 9. d3 Ng4 10. Qh5 Nf6
11. Qg5 h6 12. Qe3 Ng4 13. Qg3 h5 14. h3 Nf6 15. Ng6 Rg8 16. Qxe5 Bb4+ 17. c3 Re8 18. cxb4 Rxe5+ 19. Nxe5+ Kb5 20. Na3+ Kxb4
21. Bd2+ Kc5 22. Ba5 Qe7 23. Rc1+ Kd6 24. Bb4+
1-0

[Event "Colorado Cowboy Showdown"]
[Site "SchemingMind.com"]
[Date "2010.06.04"]
[Round "-"]
[White "Clive Everill"]
[Black "memet"]
[Result "1-0"]
[WhiteCountry "CZE"]
[BlackCountry "TUR"]
[WhiteElo "1700"]
[WhiteRD "53"]
[BlackElo "1617"]
[BlackRD "62"]
[GameID "250656"]

1. e4 Nc6 2. Nf3 f5 3. exf5 d5 4. d4 Bxf5 5. Bb5 Nf6 6. O-O e6 7. Nh4 Bg4 8. Bxc6+ bxc6 9. Qe1 Ne4 10. f3 g5
11. fxe4 gxh4 12. exd5 cxd5 13. Bf4 Bg7 14. c3 O-O 15. Na3 c6 16. Nc2 Qb6 17. b3 Bf6 18. Ne3 Bh5 19. Bd6 Rf7 20. Bc5 Qa6
21. c4 Re8 22. cxd5 exd5 23. Qc3 Qe2 24. Nc2 Rg7 25. Rf2 Qg4 26. Raf1 Rf7 27. Rxf6 Re2 28. Ne3 Rxg2+ 29. Nxg2 h3 30. Qg3 Rxf6
31. Rxf6
1-0

[Event "Colorado Cowboy Showdown"]
[Site "SchemingMind.com"]
[Date "2010.06.01"]
[Round "-"]
[White "lemmie"]
[Black "memet"]
[Result "1-0"]
[WhiteCountry "NED"]
[BlackCountry "TUR"]
[WhiteElo "1728"]
[WhiteRD "58"]
[BlackElo "1617"]
[BlackRD "62"]
[GameID "250657"]

1. e4 Nc6 2. Nf3 f5 3. exf5 e6 4. fxe6 dxe6 5. d4 Bb4+ 6. c3 Be7 7. Bb5 Bd7 8. Qe2 Nf6 9. Ng5 a6 10. Bc4 O-O
11. Bxe6+ Bxe6 12. Nxe6 Qd6 13. Nxf8 Re8 14. Nxh7 Nxh7 15. O-O Nf6 16. Re1 Bd8 17. Qc4+ Kf8 18. Rxe8+ Nxe8 19. Nd2 Qg6 20. Nf3 Nd6
21. Qe2 Bf6 22. Be3 Nf5 23. Re1 Nce7 24. h3 b5 25. Bf4 c6 26. Be5 Bh4 27. Qe4 Kf7 28. Nxh4 Nxh4 29. Qxh4 Nf5 30. Qf4
1-0

[Event "Colorado Cowboy Showdown"]
[Site "SchemingMind.com"]
[Date "2010.06.01"]
[Round "-"]
[White "Lars"]
[Black "memet"]
[Result "0-1"]
[WhiteCountry "SWE"]
[BlackCountry "TUR"]
[WhiteElo "1462"]
[WhiteRD "90"]
[BlackElo "1641"]
[BlackRD "65"]
[GameID "250658"]

1. e4 Nc6 2. Nf3 f5 3. exf5 e6 4. fxe6 dxe6 5. Nc3 Nf6 6. Bc4 Bc5 7. O-O Bd7 8. Ng5 O-O 9. Nce4 Qe7 10. d3 h6
11. Nxc5 hxg5 12. Bxg5 b6 13. Nxd7 Qxd7 14. Bxf6 gxf6 15. Qg4+ Kf7 16. Rfe1 Ne5 17. Qf4 Nxc4 18. Qxc4 Rg8 19. Rad1 c5 20. Re3 Qc6
21. Rde1 Qxg2#
0-1

[Event "Colorado Cowboy Showdown"]
[Site "SchemingMind.com"]
[Date "2010.06.04"]
[Round "-"]
[White "Zeidan"]
[Black "XTC"]
[Result "1-0"]
[WhiteCountry "LBN"]
[BlackCountry "COL"]
[WhiteElo "1981"]
[WhiteRD "86"]
[BlackElo "1858"]
[BlackRD "62"]
[GameID "250664"]

1. e4 Nc6 2. Nf3 f5 3. exf5 d5 4. d4 Bxf5 5. Bf4 Nb4 6. Na3 Nf6 7. c3 Nc6 8. Bb5 Bd7 9. O-O a6 10. Bxc6 Bxc6
11. Re1 Qd7 12. Ng5 Rc8 13. Ne6 Kf7 14. c4 g6 15. Qd2 Ne4 16. Rxe4 dxe4 17. d5 Bxd5 18. cxd5
1-0

[Event "Colorado Cowboy Showdown"]
[Site "SchemingMind.com"]
[Date "2010.06.04"]
[Round "-"]
[White "Zeidan"]
[Black "Clive Everill"]
[Result "1-0"]
[WhiteCountry "LBN"]
[BlackCountry "CZE"]
[WhiteElo "1981"]
[WhiteRD "86"]
[BlackElo "1694"]
[BlackRD "50"]
[GameID "250665"]

1. e4 Nc6 2. Nf3 f5 3. exf5 d5 4. d4 Bxf5 5. c3 e6 6. Bf4 Nf6 7. Nbd2 Bd6 8. Bg3 Qe7 9. Qb3 Rb8 10. Bb5 O-O
11. O-O Na5 12. Qa4 b6 13. b4 c6 14. Be2 Nb7 15. Qxa7 b5 16. Bxd6 Qxd6 17. Ne5 Qc7 18. Qa3 Ne4 19. Nxe4 Bxe4 20. Qc1 c5
21. f3 cxd4 22. cxd4 Qxc1 23. Rfxc1 Bxf3 24. Bxf3 Rf4 25. Rc7 Nd6 26. Rac1 Nc4 27. Re7 Nxe5 28. dxe5 Rxb4 29. Rcc7 Rb1+ 30. Kf2 Rb2+
31. Kg3 Rxa2 32. Rxg7+ Kh8 33. Rxh7+ Kg8 34. Rcg7+ Kf8 35. Bh5 Ra3+ 36. Kf4 Rba8 37. Bf7 R8a4+ 38. Kg5 Ke7 39. Bxe6+ Kxe6 40. Re7#
1-0

[Event "Colorado Cowboy Showdown"]
[Site "SchemingMind.com"]
[Date "2010.06.01"]
[Round "-"]
[White "Zeidan"]
[Black "lemmie"]
[Result "1-0"]
[WhiteCountry "LBN"]
[BlackCountry "NED"]
[WhiteElo "2014"]
[WhiteRD "69"]
[BlackElo "1728"]
[BlackRD "58"]
[GameID "250666"]

1. e4 Nc6 2. Nf3 f5 3. exf5 d5 4. d4 Bxf5 5. Nbd2 e6 6. Bb5 Bd6 7. O-O Ne7 8. Nh4 O-O 9. Nxf5 Nxf5 10. Bxc6 bxc6
11. Nf3 c5 12. c3 cxd4 13. cxd4 Qe8 14. Re1 Qh5 15. Be3 Rab8 16. b3 Nxe3 17. Rxe3 Rxf3 18. Rxf3 Qxh2+ 19. Kf1 Qh1+ 20. Ke2 Qxg2
21. Qg1 Qxg1 22. Rxg1 c5 23. dxc5 Bxc5 24. Rc3 Bb6 25. Rc6 Rf8 26. Rg2 Rf6 27. b4 Kf7 28. a4 e5 29. Rxf6+ Kxf6 30. Rh2 h6
31. Rh1 Kf5= 32. a5 Bd4 33. b5 Kf6 34. Rb1 Ke6 35. b6 axb6 36. axb6 e4 37. b7 Be5 38. b8=Q Bxb8 39. Rxb8
1-0

[Event "Colorado Cowboy Showdown"]
[Site "SchemingMind.com"]
[Date "2010.06.01"]
[Round "-"]
[White "Zeidan"]
[Black "memet"]
[Result "1-0"]
[WhiteCountry "LBN"]
[BlackCountry "TUR"]
[WhiteElo "1981"]
[WhiteRD "86"]
[BlackElo "1641"]
[BlackRD "65"]
[GameID "250667"]

1. e4 Nc6 2. Nf3 f5 3. exf5 e6 4. fxe6 dxe6 5. Nc3 Bc5 6. Bb5 Bd7 7. O-O Nf6 8. Re1 Ng4 9. d4 Bb4 10. Bg5 Be7
11. Bxe7 Qxe7 12. d5 Nb8 13. Rxe6 Bxb5 14. Nxb5 Na6 15. Qd4 Qxe6 16. dxe6 Nf6 17. Rd1 O-O 18. Qc4 Kh8 19. Nxc7 Rac8 20. e7 Rg8
21. Ne5 Rxc7 22. Nf7#
1-0

[Event "Colorado Cowboy Showdown"]
[Site "SchemingMind.com"]
[Date "2010.06.02"]
[Round "-"]
[White "Zeidan"]
[Black "Lars"]
[Result "1-0"]
[WhiteCountry "LBN"]
[BlackCountry "SWE"]
[WhiteElo "1981"]
[WhiteRD "86"]
[BlackElo "1462"]
[BlackRD "90"]
[GameID "250668"]

1. e4 Nc6 2. Nf3 f5 3. exf5 d5 4. d4 Bxf5 5. Bf4 Nf6 6. Bb5 a6 7. Bxc6+ bxc6 8. c3 Ne4 9. Nbd2 Rb8 10. Nxe4 Bxe4
11. Ne5 Qd7 12. Nxd7 Kxd7 13. b4 Bxg2 14. Qg4+ e6 15. Qxg2 g6 16. a4 Bg7 17. Qg3 Rbc8 18. O-O Rhf8 19. Rfe1 Rf5 20. Be5 Bxe5
21. Rxe5 Rcf8 22. Rae1 Rf3 23. Qh4 h5 24. Rxe6 Kc8 25. Re8+ Kb7 26. Qd8 Rxf2 27. Qb8#
1-0

[Event "Colorado Cowboy Showdown"]
[Site "SchemingMind.com"]
[Date "2010.06.04"]
[Round "-"]
[White "XTC"]
[Black "Zeidan"]
[Result "1-0"]
[WhiteCountry "COL"]
[BlackCountry "LBN"]
[WhiteElo "1858"]
[WhiteRD "62"]
[BlackElo "1981"]
[BlackRD "86"]
[GameID "250669"]

1. e4 Nc6 2. Nf3 f5 3. exf5 Nf6 4. d4 d5 5. Nh4 e6 6. fxe6 Bxe6 7. Bg5 Bd6 8. Bb5 O-O 9. Bxc6 bxc6 10. O-O h6
11. Bxf6 Qxf6 12. Nf3 Bg4 13. Nbd2 Rab8 14. b3 c5 15. dxc5 Bxc5 16. c4 dxc4 17. Qe2 Bb6 18. Qxc4+ Be6 19. Qh4 Qxh4 20. Nxh4 Rbd8
21. Nhf3 Rd3 22. Nc4 Rfd8 23. Rac1 Bd5 24. Nce5 Bxf3 25. Nxf3 R8d5 26. h3 Kf7 27. Rfe1 g5 28. Ne5+ Kf6 29. Nxd3
1-0

[Event "Colorado Cowboy Showdown"]
[Site "SchemingMind.com"]
[Date "2010.06.04"]
[Round "-"]
[White "Clive Everill"]
[Black "Zeidan"]
[Result "0-1"]
[WhiteCountry "CZE"]
[BlackCountry "LBN"]
[WhiteElo "1694"]
[WhiteRD "50"]
[BlackElo "1981"]
[BlackRD "86"]
[GameID "250670"]

1. e4 Nc6 2. Nf3 f5 3. Nc3 fxe4 4. Nxe4 d5 5. Nc3 e5 6. Bb5 Bg4 7. d3 Nf6 8. O-O Be7 9. h3 Bxf3 10. Qxf3 O-O
11. Bxc6 bxc6 12. Qg3 Bd6 13. Bg5 Qe8 14. Qh4 Qg6 15. Bxf6 Rxf6 16. Qa4 Bc5 17. b4 Bd4 18. Qb3 Raf8 19. Rae1 Rxf2 20. Rxf2 Rxf2
21. g4 Qf7 22. Ne2 Rxe2+
0-1

[Event "Colorado Cowboy Showdown"]
[Site "SchemingMind.com"]
[Date "2010.06.01"]
[Round "-"]
[White "lemmie"]
[Black "Zeidan"]
[Result "1-0"]
[WhiteCountry "NED"]
[BlackCountry "LBN"]
[WhiteElo "1688"]
[WhiteRD "55"]
[BlackElo "1981"]
[BlackRD "86"]
[GameID "250671"]

1. e4 Nc6 2. Nf3 f5 3. exf5 Nf6 4. d4 d5 5. Bd3 Ne4 6. Nh4 e5 7. Qh5+ Kd7 8. dxe5 Nxe5 9. Bxe4 dxe4 10. O-O Bd6
11. Rd1 Qf6 12. Nc3 g6 13. Bg5 gxh5 14. Bxf6 Re8 15. Nxe4 Kc6 16. Nxd6 cxd6 17. Re1 Bd7 18. f4 Nf7 19. Be7 Rac8 20. f6 Kb6
21. c3 Rc5 22. Nf3 Bc6 23. Ng5 Rg8 24. Re2 Nxg5 25. fxg5
1-0

[Event "Colorado Cowboy Showdown"]
[Site "SchemingMind.com"]
[Date "2010.06.01"]
[Round "-"]
[White "memet"]
[Black "Zeidan"]
[Result "0-1"]
[WhiteCountry "TUR"]
[BlackCountry "LBN"]
[WhiteElo "1641"]
[WhiteRD "65"]
[BlackElo "1981"]
[BlackRD "86"]
[GameID "250672"]

1. e4 Nc6 2. Nf3 f5 3. Nh4 fxe4 4. Qh5+ g6 5. Nxg6 Nf6 6. Qg5 Rg8 7. Bc4 Rxg6 8. Qe3 d5 9. Bb3 d4 10. Qf4 e5
11. Qh4 Be7 12. d3 Bf5 13. Bg5 exd3 14. Bxf6 dxc2 15. Bxc2 Bxf6 16. Qxh7 Bxc2 17. Qh5 Qd7 18. Na3 Bf5 19. O-O O-O-O 20. Rac1 Rh8
21. Qe2 Rxg2+ 22. Kxg2 Bh3+ 23. Kh1 Bg2+ 24. Kg1 Qh3 25. f3 Qxh2+
0-1

[Event "Colorado Cowboy Showdown"]
[Site "SchemingMind.com"]
[Date "2010.06.02"]
[Round "-"]
[White "Lars"]
[Black "Zeidan"]
[Result "0-1"]
[WhiteCountry "SWE"]
[BlackCountry "LBN"]
[WhiteElo "1462"]
[WhiteRD "90"]
[BlackElo "1981"]
[BlackRD "86"]
[GameID "250673"]

1. e4 Nc6 2. Nf3 f5 3. e5 e6 4. d4 b6 5. Nc3 Bb7 6. Be2 Bb4 7. Bd2 Nge7 8. O-O O-O 9. Ng5 Nxd4 10. Na4 Bxd2
11. Qxd2 Nxe2+ 12. Qxe2 Nd5 13. Qd2 Qe8 14. f4 d6 15. exd6 Qxa4 16. Nxe6 Rfe8 17. Rae1 cxd6 18. Qd4 Qxd4+ 19. Nxd4 Rxe1 20. Rxe1 g6
21. g3 Kf7 22. c4 Nf6 23. b4 Be4 24. h3 Rc8 25. Nb5 Ke6 26. g4 Rxc4 27. a3 a6 28. g5 Nh5 29. Nxd6 Kxd6 30. Rd1+ Ke7
31. Kf2 Nxf4 32. h4 Rc3 33. a4 Nh3+ 34. Kf1 Rc2 35. Rd4 Bf3 36. Rd3 Rc1+ 37. Rd1 Rxd1#
0-1

[Event "Colorado Cowboy Showdown"]
[Site "SchemingMind.com"]
[Date "2010.06.04"]
[Round "-"]
[White "jtrochez1"]
[Black "Clive Everill"]
[Result "0-1"]
[WhiteCountry "HON"]
[BlackCountry "CZE"]
[WhiteElo "1559"]
[WhiteRD "51"]
[BlackElo "1649"]
[BlackRD "50"]
[GameID "250702"]

1. e4 Nc6 2. Nf3 f5 3. d3 e5 4. Nc3 Bb4 5. Bd2 Nf6 6. h3 d5 7. exd5 Nxd5 8. Nxd5 Bxd2+ 9. Nxd2 Qxd5 10. c3 O-O
11. Qb3 Qxb3 12. Nxb3 Ne7 13. O-O-O a5 14. f3 b6 15. d4 exd4 16. Nxd4 c6 17. Nc2 Be6 18. Kb1 b5 19. Nd4 Bd5 20. Bd3 g6
21. Rhe1 Kf7 22. g4 f4 23. Be4 b4 24. cxb4 axb4 25. Nxc6 Bxc6 26. Bxc6 Nxc6 27. Rd7+ Kg8 28. b3 Rfe8 29. Rdd1 Ne5 30. Rf1 Rac8
31. Rc1 Rcd8 32. Rc7 Rd3 33. Rb7 Nxf3 34. Rc1 Nd2+ 35. Ka1 Rxh3 36. Rxb4 f3 37. Rd4 Re2 38. Rd7 Nxb3+ 39. axb3 Re8 40. Rc3 Rh1+
41. Kb2 f2 42. Rf3 f1=Q
0-1